| 000 | 00888nam a22002417a 4500 | ||
|---|---|---|---|
| 005 | 20170512142901.0 | ||
| 010 | _aENG-108556 | ||
| 020 |
_a9788120346574 _c295.00 |
||
| 035 | _aEN-92089 | ||
| 035 | _aB-663815 | ||
| 037 | _bDBAD/PUB | ||
| 082 | _a332.1 | ||
| 100 | _aSethi, Jyotsna | ||
| 245 |
_aElements of banking and insurance / _cby Jyotsna Sethi [and] Nishwan Bhatia |
||
| 250 | _a2nd ed | ||
| 260 |
_aNew Delhi _bPHI Learning _c2015 |
||
| 270 |
_aM-97, Connaught Circus _bNew Delhi _e110001 |
||
| 300 |
_axvi,472 p. : _c24cm (pbk) _bill. |
||
| 500 | _aIncludes bibliographical references and index | ||
| 700 | _aBhatia, Nishwan | ||
| 942 |
_2ddc _cEN _mSET _h332.1 |
||
| 999 |
_c79418 _d79418 |
||